1531 1943 1672 1903 1835 1230 1888 1182 1783 1903 1353 1216 1571 1399 1337 1202 1165 1957 1755 1544 1789 1075 1986 1025 1744 1601 1277 1730 1953 1867 1142 1157 1213 1145 1974 1558 1464 1439 1893 1217 1392 1733 1636 1517 1592 1878 1451 1042 1148 1633 1877 1884 1825 1791 1788 1353 1826 1849 1549 1050 1749 1875 1963 1864 1104 1232 1687 1322 1440 1229 1119 1407 1668 1408 1621 1357 1387 1570 1148 1461 1931 1233 1811 1129 1667 1478 1941 1733 1140 1826 1599 1132 1414 1336 1135 1816 1490 1683 1603 BCNSPRNW ULIB Ver.6.0+V

เปลี่ยนเป็นภาษาไทย

Change to English
 แสดงรายละเอียดบรรณานุกรม
  กลับหน้าหลัก

Brief Record : Get Marc (ISO 2709) : E-mail record : QR code < ปิดหน้าต่าง
LEADER : 00000nam 2200000uu 4500
001    13399123686
003     ULIB
008    141105s2556||||th 000 0 tha d
020    ^a9786167287911
050  4 ^aPE1127.M4^bอ756ภ
100 0  ^aอิศรางค์ นุชประยูร
245 10 ^a"ภาษาหมอ" พูดอย่างไรฝรั่งจึงจะฟังรู้เรื่อง /^cอิศรางค์ นุชประยูร ; บรรณาธิการ, ชิษณุ พันธุ์เจริญ
260    ^aกรุงเทพฯ :^bศูนย์ฝึกอบรมทักษะการสื่อสาร ฝ่ายกุมารเวชศาสตร์ โรงพยาบาลจุฬาลงกรณ์,^c2556
300    ^a152 หน้า ;^c19 ซม.
650  4 ^aภาษาอังกฤษ^xการใช้ภาษา
650  4 ^aภาษาอังกฤษ^xการอ่าน
650  4 ^aภาษาอังกฤษ^xการออกเสียง
650  4 ^aภาษาอังกฤษ^xคำศัพท์
650  4 ^aการแพทย์^xคำศัพท์
650  4 ^aการสื่อสารทางการแพทย์
700 0  ^aชิษณุ พันธุ์เจริญ,^eบรรณาธิการ
710 2  ^aโรงพยาบาลจุฬาลงกรณ์. ^bฝ่ายกุมารเวชศาสตร์. ^bศูนย์ฝึกอบรมทักษะการสื่อสาร
945    ^p160^l0^i036785
945    ^p160^l0^i036786
945    ^p160^l0^i036787
945    ^p160^l0^i036788
945    ^p160^l0^i036789
945    ^p160^l0^i036790
945    ^p160^l0^i036791
945    ^p160^l0^i036792
999    ^aเกษร โพธิ์สุวรรณ
รายการนี้ยังไม่มีแท็ก
คุณยังไม่ได้ล็อกอิน คุณสามารถมีกิจกรรมร่วมกับเว็บไซต์ได้ แต่ต้องล็อกอินก่อน ::
  ล็อกอิน

รายการสื่อสารสนเทศ

ลำดับที่ ประเภท เลขเรียก/บาร์โค้ด สถานที่ สถานะ
1. การศึกษาทั่วไป
หนังสือสำรอง
สถานะ=หนังสือสำรอง
PE1127.M4 อ756ภ ฉ.1 
  Barcode: 036785
ห้องสมุดวิทยาเขตสวรรค์ประชารักษ์
►หนังสือทั่วไป
บนชั้น
2. การศึกษาทั่วไป
การศึกษาทั่วไป
PE1127.M4 อ756ภ ฉ.2 
  Barcode: 036786
ห้องสมุดวิทยาเขตสวรรค์ประชารักษ์
►หนังสือทั่วไป
บนชั้น
3. การศึกษาทั่วไป
การศึกษาทั่วไป
PE1127.M4 อ756ภ ฉ.3 
  Barcode: 036787
ห้องสมุดวิทยาเขตสวรรค์ประชารักษ์
►หนังสือทั่วไป
บนชั้น
4. การศึกษาทั่วไป
การศึกษาทั่วไป
PE1127.M4 อ756ภ ฉ.4 
  Barcode: 036788
ห้องสมุดวิทยาเขตสวรรค์ประชารักษ์
►หนังสือทั่วไป
บนชั้น
5. การศึกษาทั่วไป
การศึกษาทั่วไป
PE1127.M4 อ756ภ ฉ.5 
  Barcode: 036789
ห้องสมุดวิทยาเขตสวรรค์ประชารักษ์
►หนังสือทั่วไป
บนชั้น
6. การศึกษาทั่วไป
การศึกษาทั่วไป
PE1127.M4 อ756ภ ฉ.6 
  Barcode: 036790
ห้องสมุดวิทยาเขตสวรรค์ประชารักษ์
►หนังสือทั่วไป
บนชั้น
7. การศึกษาทั่วไป
การศึกษาทั่วไป
PE1127.M4 อ756ภ ฉ.7 
  Barcode: 036791
ห้องสมุดวิทยาเขตสวรรค์ประชารักษ์
►หนังสือทั่วไป
บนชั้น
8. การศึกษาทั่วไป
การศึกษาทั่วไป
PE1127.M4 อ756ภ ฉ.8 
  Barcode: 036792
ห้องสมุดวิทยาเขตสวรรค์ประชารักษ์
►หนังสือทั่วไป
บนชั้น

รายการใกล้เคียง
    ผู้แต่ง [อิศรางค์ นุชประยูร]

    หัวเรื่อง [ภาษาอังกฤษ การใช้ภาษา]
    หัวเรื่อง [ภาษาอังกฤษ คำศัพท์]
    หัวเรื่อง [การสื่อสารทางการแพทย์]

BibComment


ยังไม่เคยถูกคอมเมนท์

คอมเมนท์ทรัพยากรรายการนี้
  คอมเมนท์: ภาษาหมอ พูดอย่าง..


 Copyright 2026. Bcnsprnw @Library